| 000 | 00344nam a2200145 i 4500 | ||
|---|---|---|---|
| 001 | bg | ||
| 100 | 1 | _aCHROBOCZEK, Emil | |
| 245 | 0 |
_aZasady budowy i wyposażania szklarni / _cE. Chroboczek. |
|
| 260 |
_aWarszawa, _c1968. |
||
| 040 | _cBPK | ||
| 041 | _apol | ||
| 080 | _a631.54:69 | ||
| 942 | _cKS | ||
| 008 | s pl f |000 0 pol | ||
| 999 |
_c4370 _d4370 |
||
| 856 |
_uhttp://koha.tu.koszalin.pl/cgi-bin/koha/opac-detail.pl?biblionumber=4370 _yKatalog online BPK |
||